000 00956nmm a2200349 a 4500
003 AR-BaBNM
005 20251128210528.0
008 011101s1996 ||||||||||||||000 | spa||
020 _a84-8319-001-X
040 _cAR-BaBNM
245 1 0 _aEl genocidio bosnio
_bdocumentos para un análisis
260 _aMadrid
_c1996
_bLos Libros de la Catarata
300 0 _a253 p.
610 2 4 _aAcuerdo de Dayton
650 4 _aDERECHOS HUMANOS
650 4 _aDISCRIMINACION
650 4 _aORGANIZACIONES INTERNACIONALES
650 4 _aMEDIOS DE COMUNICACION SOCIAL
650 4 _aSIGLO VEINTE
650 4 _aGUERRA
650 4 _aIDEOLOGIAS
650 4 _aHISTORIA POLITICA
650 4 _aHISTORIA CONTEMPORANEA
650 4 _aNACIONALISMO
651 4 _aYugoeslavia
651 4 _aBosnia
651 4 _aPaíses del Este
700 1 _aGarrabou, Ramón
_eeditor
700 1 _aGordillo, José Luis
_eeditor
700 1 _aOrtega, Pere
_eeditor
942 _cBK
999 _c15821
_d15821